| 000 | 00574cab a2200217 4500 | ||
|---|---|---|---|
| 001 | ABS44445 | ||
| 008 | 090401t1991 xxu||||| |||| 00| 0 eng d | ||
| 035 | _a(Sirsi) u47142 | ||
| 041 | _aeng | ||
| 100 | _aKelly, G. | ||
| 245 | _aComputer update | ||
| 260 | _c1991 | ||
| 350 | _a0 | ||
| 490 |
_aChartered Quantity Surveyor _v13(8) April 1991, 27 (1) |
||
| 520 | _aLooks at the Calculix approach to elemental measurement . | ||
| 650 | _aCOMPUTER SOFTWARE | ||
| 650 |
_aMeasurement _96256 |
||
| 690 | _aMAPPING AND MEASUREMENT | ||
| 942 | _n0 | ||
| 948 | _c04/03/1997 | ||
| 999 |
_c29734 _d29734 |
||